[Event "POL-ch Seniors"]
[Site "Szklarska Poreba"]
[Date "2022.05.15"]
[Round "2"]
[White "Krzyzanowska Zadlo, Lidia"]
[Black "Chmielowski, Aleksander"]
[Result "1-0"]
[WhiteElo "1721"]
[BlackElo "1385"]
[PlyCount "63"]
[EventDate "2022.05.13"]
[EventType "swiss"]
[EventRounds "9"]
[EventCountry "POL"]
[SourceTitle "EXT 2024"]
[Source "ChessBase"]
[SourceDate "2023.10.10"]
[SourceVersion "1"]
[SourceVersionDate "2023.10.10"]
[SourceQuality "1"]

1. e4 c5 2. d4 cxd4 3. c3 dxc3 4. Nxc3 Nc6 5. Nf3 d6 6. Bc4 Nf6 7. e5 dxe5 8. Qxd8+ Kxd8 9. Nxe5 e6 10. Nxf7+ Ke8 11. Nxh8 Bb4 12. Be3 Bxc3+ 13. bxc3 Kf8 14. 0-0 Kg8 15. Rad1 Kxh8 16. f3 Bd7 17. Rd6 Re8 18. Rfd1 Bc8 19. Bb5 Nd5 20. Bxc6 bxc6 21. c4 Nxe3 22. Rd8 Rg8 23. Rxg8+ Kxg8 24. Rd8+ Kf7 25. Rxc8 Nxc4 26. Rxc6 Nb6 27. Rc7+ Kf6 28. Rxa7 h5 29. a4 g5 30. a5 Nc4 31. a6 e5 32. Rb7 1-0

[Event "POL-chT 2nd League"]
[Site "Szklarska Poreba"]
[Date "2017.09.09"]
[Round "8.3"]
[White "Cieslak, Wiktoria"]
[Black "Krzyzanowska Zadlo, Lidia"]
[Result "1-0"]
[WhiteElo "1824"]
[BlackElo "1842"]
[PlyCount "58"]
[EventDate "2017.09.02"]
[EventType "team-swiss"]
[EventRounds "9"]
[EventCountry "POL"]
[SourceTitle "CBM 180 Extra"]
[Source "ChessBase"]
[SourceDate "2017.10.06"]
[SourceVersion "1"]
[SourceVersionDate "2017.10.06"]
[SourceQuality "1"]
[WhiteTeam "Rybnik"]
[BlackTeam "Stara Wies Parnas"]
[WhiteTeamCountry "POL"]
[BlackTeamCountry "POL"]

1. e4 c5 2. Nf3 e6 3. d4 cxd4 4. Nxd4 Nf6 5. Nc3 Nc6 6. Ndb5 d6 7. Bf4 e5 8. Bg5 a6 9. Na3 Be6 10. Nc4 b5 11. Bxf6 gxf6 12. Ne3 Ne7 13. a4 b4 14. Ncd5 Nxd5 15. Nxd5 Bxd5 16. Qxd5 Ra7 17. Bxa6 Qb6 18. Bb5+ Ke7 19. Bc4 Ke8 20. a5 Qc5 21. a6 Qxd5 22. Bxd5 Bh6 23. Ra4 Ke7 24. Rxb4 Rc8 25. Rb7+ Rc7 26. Rxc7+ Rxc7 27. Bb7 Rxc2 28. 0-0 Rxb2 29. Ra1 Ke8 1-0

[Event "POL-chT 2nd League"]
[Site "Jastrzebia Gora"]
[Date "2016.09.09"]
[Round "7.54"]
[White "Krzyzanowska Zadlo, Lidia"]
[Black "Bednarska, Malgorzata"]
[Result "0-1"]
[WhiteElo "1848"]
[BlackElo "2010"]
[PlyCount "70"]
[EventDate "2016.09.03"]
[EventType "team-swiss"]
[EventRounds "9"]
[EventCountry "POL"]
[SourceTitle "EXT 2017"]
[Source "ChessBase"]
[SourceDate "2016.10.25"]
[SourceVersion "1"]
[SourceVersionDate "2016.10.25"]
[SourceQuality "1"]
[WhiteTeam "Stara Wies Parnas"]
[BlackTeam "Warszawa YMCA"]
[WhiteTeamCountry "POL"]
[BlackTeamCountry "POL"]

1. e4 c5 2. Nc3 Nc6 3. f4 g6 4. Nf3 Bg7 5. Bb5 Nd4 6. Bd3 d6 7. 0-0 Nf6 8. Nxd4 cxd4 9. Ne2 0-0 10. h3 Bd7 11. c3 Bc6 12. Qc2 dxc3 13. dxc3 Qb6+ 14. Kh2 Nd7 15. Ng1 Rac8 16. Qe2 a6 17. Be3 Qc7 18. Rae1 b5 19. Qf2 Qb7 20. Nf3 e5 21. fxe5 Nxe5 22. Nxe5 Bxe5+ 23. Bf4 Rce8 24. g3 Re6 25. Bh6 Rfe8 26. Bc2 Rf6 27. Qg2 Rxf1 28. Qxf1 Qe7 29. Bf4 Bxf4 30. gxf4 f5 31. e5 Qh4 32. Bb3+ Kg7 33. Re3 dxe5 34. fxe5 Rd8 35. Re2 Rd3 0-1

[Event "POL-chT 2nd League"]
[Site "Jastrzebia Gora"]
[Date "2016.09.04"]
[Round "2.24"]
[White "Sliwicka, Alicja"]
[Black "Krzyzanowska Zadlo, Lidia"]
[Result "1-0"]
[WhiteElo "2092"]
[BlackElo "1848"]
[PlyCount "57"]
[EventDate "2016.09.03"]
[EventType "team-swiss"]
[EventRounds "9"]
[EventCountry "POL"]
[SourceTitle "EXT 2017"]
[Source "ChessBase"]
[SourceDate "2016.10.25"]
[SourceVersion "1"]
[SourceVersionDate "2016.10.25"]
[SourceQuality "1"]
[WhiteTeam "Lodz Okucia Budowlane"]
[BlackTeam "Stara Wies Parnas"]
[WhiteTeamCountry "POL"]
[BlackTeamCountry "POL"]

1. e4 c5 2. Nf3 a6 3. c4 e6 4. Nc3 Nc6 5. d4 cxd4 6. Nxd4 Nf6 7. Nxc6 dxc6 8. Qxd8+ Kxd8 9. Bf4 b5 10. 0-0-0+ Nd7 11. Be2 Bc5 12. Bg3 f6 13. e5 f5 14. Bf3 Bb7 15. cxb5 axb5 16. Nxb5 Rxa2 17. Kb1 Ra6 18. Nd6 Bxd6 19. Rxd6 Re8 20. Rhd1 Bc8 21. Bxc6 Kc7 22. Rc1 Rxc6 23. Rcxc6+ Kb7 24. Rxe6 Rf8 25. Rc4 Nb6 26. Re7+ Ka6 27. Rxc8 Nxc8 28. Rxg7 f4 29. Bh4 1-0

[Event "POL-chT 2nd League"]
[Site "Jastrzebia Gora"]
[Date "2016.09.03"]
[Round "1.90"]
[White "Krzyzanowska Zadlo, Lidia"]
[Black "Bartczak, Hanna"]
[Result "1-0"]
[WhiteElo "1848"]
[BlackElo "1521"]
[PlyCount "77"]
[EventDate "2016.09.03"]
[EventType "team-swiss"]
[EventRounds "9"]
[EventCountry "POL"]
[SourceTitle "EXT 2017"]
[Source "ChessBase"]
[SourceDate "2016.10.25"]
[SourceVersion "1"]
[SourceVersionDate "2016.10.25"]
[SourceQuality "1"]
[WhiteTeam "Stara Wies Parnas"]
[BlackTeam "Skoczek Trojanski"]
[WhiteTeamCountry "POL"]
[BlackTeamCountry "POL"]

1. e4 d6 2. d4 Nf6 3. Bd3 c6 4. Nf3 e5 5. c3 Bg4 6. Be3 Nbd7 7. 0-0 Be7 8. h3 Bh5 9. Nbd2 0-0 10. Qb3 Qc7 11. g4 Bg6 12. Nh4 Bxe4 13. Nxe4 Nxe4 14. Nf5 Ndf6 15. g5 exd4 16. cxd4 d5 17. gxf6 Bxf6 18. Bxe4 dxe4 19. Ng3 Rfe8 20. Rac1 Qd7 21. Kg2 Re6 22. Rfd1 Rd8 23. Rd2 b6 24. Rcd1 Qe8 25. Qa4 Qe7 26. Qc4 g6 27. d5 cxd5 28. Rxd5 Rxd5 29. Qxd5 Kg7 30. Rd2 Bh4 31. Qd7 f5 32. Qc8 Rd6 33. Rc2 Rd7 34. Ne2 Bf6 35. Nf4 Be5 36. Kf1 Rd1+ 37. Ke2 Rd8 38. Qxd8 Qxd8 39. Ne6+ 1-0

[Event "Golden Rook op 56th"]
[Site "Chotowa"]
[Date "2014.06.12"]
[Round "8"]
[White "Swiech, Joanna"]
[Black "Krzyzanowska Zadlo, Lidia"]
[Result "1/2-1/2"]
[WhiteElo "1634"]
[BlackElo "1870"]
[PlyCount "86"]
[EventDate "2014.06.08"]
[EventType "team-swiss"]
[EventRounds "9"]
[EventCountry "POL"]
[SourceTitle "EXT 2015"]
[Source "ChessBase"]
[SourceDate "2014.11.20"]
[SourceVersion "1"]
[SourceVersionDate "2014.11.20"]
[SourceQuality "1"]

1. c4 Nf6 2. g3 e6 3. Bg2 d5 4. cxd5 exd5 5. d4 c6 6. Nf3 Bd6 7. 0-0 Bf5 8. Nbd2 0-0 9. Ne5 Nbd7 10. f4 Re8 11. Ndf3 h6 12. b3 Nf8 13. Bb2 Qc8 14. Rc1 Bh3 15. Qd3 Bxg2 16. Kxg2 Ne4 17. Nd2 Nxd2 18. Qxd2 f6 19. Nf3 Qe6 20. Rc2 Qe4 21. Kf2 Ng6 22. e3 h5 23. Rg1 Ne7 24. a3 Nf5 25. Rc3 Kf7 26. Qd3 Qxd3 27. Rxd3 Bc7 28. h3 Nd6 29. Nd2 Ne4+ 30. Nxe4 Rxe4 31. Bc1 f5 32. g4 hxg4 33. hxg4 g6 34. gxf5 gxf5 35. Rh1 Rg8 36. Rdd1 Re7 37. Rh2 Kf6 38. Rdh1 Reg7 39. Bd2 Rg6 40. Be1 R8g7 41. Kf3 Bd6 42. a4 Ke6 43. Bf2 Bb4 1/2-1/2

[Event "POL-chT3 Podkarpackie"]
[Site "Pstragowa"]
[Date "2014.05.01"]
[Round "2.30"]
[White "Burdzy, Joanna"]
[Black "Krzyzanowska Zadlo, Lidia"]
[Result "0-1"]
[WhiteElo "1560"]
[BlackElo "1873"]
[PlyCount "132"]
[EventDate "2014.04.30"]
[EventType "team-tourn"]
[EventRounds "9"]
[EventCountry "POL"]
[SourceTitle "EXT 2015"]
[Source "ChessBase"]
[SourceDate "2014.11.20"]
[SourceVersion "1"]
[SourceVersionDate "2014.11.20"]
[SourceQuality "1"]
[WhiteTeam "Tarnobrzeg"]
[BlackTeam "Stara Wies Parnas"]
[WhiteTeamCountry "POL"]
[BlackTeamCountry "POL"]

1. e4 c6 2. d4 d5 3. Nc3 dxe4 4. Nxe4 Bf5 5. Ng3 Bg6 6. h4 h6 7. Nf3 e6 8. h5 Bh7 9. Bd3 Bxd3 10. Qxd3 Nf6 11. Bd2 Qc7 12. Qe2 Be7 13. Ne5 Nfd7 14. f4 c5 15. dxc5 Qxc5 16. Nxd7 Nxd7 17. Bc3 0-0 18. 0-0-0 Nf6 19. Ne4 Qf5 20. Nxf6+ Bxf6 21. Bd2 Rac8 22. c3 Rfd8 23. g4 Qd5 24. Kb1 Qd3+ 25. Qxd3 Rxd3 26. Kc2 Rcd8 27. Rhg1 Be7 28. Bc1 Rxd1 29. Rxd1 Rxd1 30. Kxd1 g6 31. hxg6 fxg6 32. Be3 a6 33. Ke2 Kf7 34. Kf3 h5 35. Bf2 Bf6 36. Be1 Ke7 37. gxh5 gxh5 38. Ke4 Kd6 39. Bf2 b5 40. f5 exf5+ 41. Kxf5 Bd8 42. Ke4 Kc6 43. Ke5 h4 44. Kf4 h3 45. Kg3 Bh4+ 46. Kf3 h2 47. Kg2 Bxf2 48. Kxh2 Kd5 49. Kg2 Bh4 50. Kf3 Kc4 51. Ke2 a5 52. Kd2 Kd5 53. Kc2 a4 54. b3 axb3+ 55. axb3 Kc5 56. Kd3 Bf6 57. Kc2 Kd5 58. Kd3 Ke5 59. Ke3 Bg7 60. Kd3 Bh6 61. Kc2 Ke4 62. b4 Bf4 63. Kb3 Kd3 64. Kb2 Be5 65. Kb3 Bxc3 66. Ka3 Kc2 0-1

[Event "POL-chT3 Podkarpackie"]
[Site "Pstragowa"]
[Date "2014.04.30"]
[Round "1.6"]
[White "Lapa, Aleksandra"]
[Black "Krzyzanowska Zadlo, Lidia"]
[Result "1-0"]
[WhiteElo "1593"]
[BlackElo "1873"]
[PlyCount "125"]
[EventDate "2014.04.30"]
[EventType "team-tourn"]
[EventRounds "9"]
[EventCountry "POL"]
[SourceTitle "EXT 2015"]
[Source "ChessBase"]
[SourceDate "2014.11.20"]
[SourceVersion "1"]
[SourceVersionDate "2014.11.20"]
[SourceQuality "1"]
[WhiteTeam "Mielec"]
[BlackTeam "Stara Wies Parnas"]
[WhiteTeamCountry "POL"]
[BlackTeamCountry "POL"]

1. d4 Nf6 2. Nf3 g6 3. c4 c5 4. Nc3 Bg7 5. e3 0-0 6. Bd3 d6 7. 0-0 Nc6 8. d5 Nb4 9. Bb1 Bd7 10. a3 Na6 11. e4 Nc7 12. Qe2 a6 13. a4 Bg4 14. Ra3 b5 15. axb5 axb5 16. Nxb5 Nxb5 17. cxb5 Qb6 18. Ra6 Qb7 19. Bd3 Nd7 20. h3 Bxf3 21. Qxf3 Ne5 22. Qe2 Rfc8 23. Rxa8 Rxa8 24. Bc2 Rb8 25. f4 Nd7 26. Bd3 Nb6 27. b3 Na8 28. f5 Nc7 29. Bg5 Bd4+ 30. Kh1 f6 31. Bh6 Kf7 32. e5 Bxe5 33. fxg6+ hxg6 34. Qg4 Rg8 35. Qd7 Qc8 36. Qxc8 Rxc8 37. Bc4 Rb8 38. b6 Rxb6 39. Bd2 Nb5 40. Ba5 Rb7 41. Rf3 Nd4 42. Rd3 Ra7 43. Bc3 Ra2 44. Bxd4 Bxd4 45. Kh2 Be5+ 46. Kg1 f5 47. Rf3 Kf6 48. Kf1 g5 49. Re3 f4 50. Re2 Ra8 51. Kf2 Ra1 52. Re1 Ra2+ 53. Kf3 Rc2 54. Re2 Rc3+ 55. Kf2 Bd4+ 56. Kf1 Be3 57. Re1 Kf5 58. Rd1 Ke4 59. Re1 Rc2 60. Re2 Rc1+ 61. Re1 Rc3 62. Re2 f3 63. Re1 1-0

[Event "POL-chT 2nd div South"]
[Site "Polanica Zdroj"]
[Date "1999.??.??"]
[Round "4"]
[White "Krzyzanowska Zadlo, Lidia"]
[Black "Jalowiec, Halina"]
[Result "1-0"]
[WhiteElo "2015"]
[BlackElo "2155"]
[PlyCount "53"]
[EventDate "1999.09.17"]
[EventType "team-swiss"]
[EventRounds "10"]
[EventCountry "POL"]
[SourceTitle "EXT 2001"]
[Source "ChessBase"]
[SourceDate "2000.11.22"]
[SourceVersion "1"]
[SourceVersionDate "2000.11.22"]
[SourceQuality "1"]
[WhiteTeam "POL-chT 2nd div South 24"]
[BlackTeam "Rolnik Roza"]
[WhiteTeamCountry "POL"]
[BlackTeamCountry "POL"]

1. e4 d5 2. exd5 Nf6 3. d4 Nxd5 4. Nf3 g6 5. Be2 Bg7 6. 0-0 0-0 7. c4 Nb6 8. c5 Nd5 9. Nc3 c6 10. Be3 Nxe3 11. fxe3 Nd7 12. Ng5 e6 13. Nge4 b6 14. b4 bxc5 15. bxc5 f5 16. Nd6 Nxc5 17. dxc5 Bxc3 18. Rc1 Be5 19. Bc4 Kg7 20. Rf2 f4 21. exf4 Bxf4 22. Rxf4 Qg5 23. Rxf8 Kxf8 24. Qf3+ Kg7 25. Qf7+ Kh6 26. Qf8+ Kh5 27. Be2+ 1-0